The Finance (1909-10) Act, 1910 (Record no. 99782)
[ view plain ]
| 000 -LEADER | |
|---|---|
| fixed length control field | 00815cam a22002055a 4500 |
| 001 - CONTROL NUMBER | |
| control field | ##J100728 |
| 008 - FIXED-LENGTH DATA ELEMENTS--GENERAL INFORMATION | |
| fixed length control field | 000000s1910 000 0 eng u |
| 035 ## - SYSTEM CONTROL NUMBER | |
| System control number | (Sirsi) u100728 |
| 041 0# - LANGUAGE CODE | |
| Language code of text/sound track or separate title | eng |
| 050 04 - LIBRARY OF CONGRESS CALL NUMBER | |
| Classification number | 336.22 $2 2 |
| 100 1# - MAIN ENTRY--PERSONAL NAME | |
| Personal name | Napier, T. B. |
| 245 04 - TITLE STATEMENT | |
| Title | The Finance (1909-10) Act, 1910 |
| Remainder of title | land taxation clauses |
| -- | a course of five lectures |
| 260 ## - PUBLICATION, DISTRIBUTION, ETC. | |
| Place of publication, distribution, etc. | London |
| Name of publisher, distributor, etc. | Auctioneers' Institute of the United Kingdom |
| Date of publication, distribution, etc. | 1910 |
| 300 ## - PHYSICAL DESCRIPTION | |
| Extent | 78p. |
| Dimensions | 21cm. |
| 520 ## - SUMMARY, ETC. | |
| Summary, etc. | Five lectures on the land taxation clauses of the Finance (1909-10) Act was delivered to the members of the institute on the Wednesday afternoons of 15 June, 22 June, 29 June, 6 July, and 13 July, 1910. |
| 651 #4 - SUBJECT ADDED ENTRY--GEOGRAPHIC NAME | |
| Geographic name | United Kingdom |
| Chronological subdivision | |
| 690 ## - LOCAL SUBJECT ADDED ENTRY--TOPICAL TERM (OCLC, RLIN) | |
| Topical term or geographic name as entry element | Finance and taxation |
| 710 2# - ADDED ENTRY--CORPORATE NAME | |
| Corporate name or jurisdiction name as entry element | Auctioneers' Institute of the United Kingdom |
| 9 (RLIN) | 3785 |
| 942 ## - ADDED ENTRY ELEMENTS (KOHA) | |
| Suppress in OPAC | 0 |
| Withdrawn status | Lost status | Source of classification or shelving scheme | Damaged status | Not for loan | Home library | Current library | Shelving location | Date acquired | Total Checkouts | Full call number | Barcode | Date last seen | Copy number | Price effective from | Koha item type |
|---|---|---|---|---|---|---|---|---|---|---|---|---|---|---|---|
| Dewey Decimal Classification | Historic collection | Historic collection | RICS Boxes | 22/10/1999 | RICS 1910/7 | 30059626 | 06/08/2019 | 1 | 06/08/2019 | Archive |